000 01194cam a22002174a 4500
005 20250605164236.0
008 250528s ||||||||||||||||||||||||d
035 _a21143
020 _a9780470055120
040 _aGR-AtMCL
_bgre
_dGR-AtMCL
_eAACR2
245 1 _aDeGarmo's Materials and Processes in Manufacturing / Tenth Edition
250 _a10th
260 _bJohn Wiley & Sons, Ltd,
_c2008
300 _a1024
520 _aIncludes CD-ROM. Preface, Introduction to DeGarmo's Materials and Processes in Manufacturing, Nature of Metals and Alloys, Heat Treatment, Nonferrous Metals and Alloys, Material Selection, Expendable-Mold Casting Processes, Fundamentals of Metal Forming, Sheet-Forming, Electronic Electrochemical Chemical and Thermal Machining Processes, Cutting Tools for Machining, Drilling and Related Hole-Making, Work holding Devices for Machine Tools, Other Machining Processes, Thread and Gear Manufacturing, Gas Flame and Arc Processes, Other Welding Processes and Brazing and Soldering, Surface Engineering, Quality Engineering, Index.
700 1 _aBlack J. Temple
_97175
700 1 _aKohser Ronald A
_97176
942 _cBK
999 _c6211
_d6211